| 000 | 00481nam a2200157Ia 4500 | ||
|---|---|---|---|
| 008 | 160316s1964 xxu||||| |||| 00| 0 eng d | ||
| 082 |
_a370.000000 _bCHI |
||
| 100 | _aChidbhavananda Swami | ||
| 245 | _aThe Indian national education | ||
| 250 | _a | ||
| 260 |
_aTirupparaitturai _bTapovanam Publishing House _c1964 |
||
| 300 |
_a473p. _b _ciii |
||
| 365 | _bRs.4.50 | ||
| 650 | _a1.Education - System - India 1.Education System 3. Education - Historical Perspective | ||
| 700 |
_a _a |
||
| 999 |
_c7271 _d7271 |
||